000 00570nam a2200193Ia 4500
003 GCL
008 140319s9999 xx 000 0 ara d
040 _aGCL /
_cGCL
082 0 4 _a940.1
_bهـ ا
100 1 _aمحمد فتحى الشاعر
245 1 0 _aاوربا فى العصور الوسطى /
_cمحمد فتحى الشاعر
700 1 _aهلستر , س - ورن
300 _a272 ص
490 _a
650 0 4 _aالعصور الوسطى
650 0 4 _aالامبراطورية الرومانية
650 0 4 _aاوربا - تاريخ
942 _2ddc
_cBK
999 _c41624
_d41624